| 000 | 00405nam a2200145Ia 4500 | ||
|---|---|---|---|
| 008 | 211109s9999||||xx |||||||||||||| ||und|| | ||
| 082 |
_a894.8123 _bDWI-B |
||
| 100 | _aDwivedi, Hazari Prasaad | ||
| 245 | 0 | _aBanabhattante Atmakatha | |
| 260 |
_bCurrent Books _aKottayam _c1956 |
||
| 300 | _a380p. | ||
| 630 | _xGeneral Stack | ||
| 650 |
_aMALAYALAM LITERATURE _vMALAYALAM NOVEL _xMalayalam |
||
| 942 | _cBOOK | ||
| 999 |
_c20742 _d20742 |
||